Firm-level internationalisation and its business environment knowledge-based and entrepreneurial approach

Saved in:
Bibliographic Details
Other Authors: Daszkiewicz, Nelly, Wach, Krzysztof
Format: Book
Language:English
Published: Gdansk Gdansk University of Technology Publishing House 2014
Subjects:
Tags: Add Tag
No Tags, Be the first to tag this record!

MARC

LEADER 00000nam a2200000 4500
001 0198321
005 20240314085730.9
020 |a 978-83-7348-586-0 
041 0 |a eng 
044 |a PL 
245 1 0 |a Firm-level internationalisation and its business environment  |b knowledge-based and entrepreneurial approach  |c edited by: Nelly Daszkiewicz, Krzysztof Wach 
264 1 |a Gdansk  |b Gdansk University of Technology Publishing House  |c 2014 
300 |a 101 s. 
610 2 0 |a podnikanie 
610 2 0 |a prostredie podnikateľské 
610 2 0 |a firmy 
610 2 0 |a internacionalizácia 
610 2 0 |a Vyšehradská štvorka 
700 1 |a Daszkiewicz, Nelly 
700 1 |a Wach, Krzysztof